000 00757nam a2200217Ii 4500
003 JO-AjNU
008 230605s9999||||xx |||||||||||||| ||und||
017 _a1999/9/1606
040 _aJO-AjNU
_bara
_erda
_cJO-AjNU
041 _aara
050 1 4 _aT58.64.k5464 2003
100 3 _aالكيلاني،عثمان/م مشارك:هلال البياتي،علاء السالمي,
_eauthor
_931606
245 0 0 _aالمدخل الى نظم المعلومات الادارية
250 _aط2
264 3 1 _aعمان: دار المناهج للنشر، 2003
300 _a298ص
336 _atext
_btxt
_2rdacontent
337 _aunmediated
_bn
_2rdamedia
338 _avolume
_bnc
_2rdacarrier
650 4 _aنظم المعلومات الادارية
_931607
999 _aA12659
_c16227
_d16227